000 00414nam a2200157 i 4500
001 bg
100 1 _aGutenbaum, Jakub
_d(1929- ).
245 0 _aProblemy teorii regulatorów /
_cJakub Gutenbaum.
260 _aWarszawa :
_bWydawnictwa Naukowo-Techniczne,
_c1975.
650 9 _aRegulatory
_xteoria
040 _cBPK
041 _apol
080 _a62-5
942 _cKS
008 s pl f |000 0 pol
999 _c16131
_d16131
856 _uhttp://koha.tu.koszalin.pl/cgi-bin/koha/opac-detail.pl?biblionumber=16131
_yKatalog online BPK